| 000 | 00925cam a22003134a 4500 | ||
|---|---|---|---|
| 008 | |||
| 020 | _a9780736057356 (hbk.) | ||
| 049 | _aMAIN | ||
| 090 |
_aGV706.4 _bADV |
||
| 245 | 0 | 0 |
_aAdvances in sport psychology / _c edited by Thelma S. Horn. |
| 250 | _a3rd ed. | ||
| 260 |
_aChampaign, IL : _bHuman Kinetics, _cc2008. |
||
| 300 |
_axi, 499 p. : _bill. ; _c29 cm. |
||
| 500 | _aIncludes index. | ||
| 504 | _aIncludes bibliographical references. | ||
| 650 | 0 |
_aSports _xPsychological aspects. |
|
| 650 | 1 | 2 |
_aSports _xpsychology. |
| 650 | 2 | 2 | _aAchievement. |
| 650 | 2 | 2 |
_aExercise _xpsychology. |
| 650 | 2 | 2 | _aGoals. |
| 650 | 2 | 2 |
_aPhysical Fitness _xpsychology. |
| 650 | 2 | 2 |
_aSports Medicine _xmethods. |
| 700 | 1 | _aHorn, Thelma S. | |
| 907 |
_a.b1038733x _b01-12-17 _c01-12-17 |
||
| 003 | |||
| 005 | 20230123122325.0 | ||
| 040 | _cNUST | ||
| 942 |
_cBOOKS _kGV706.4 _mADV |
||
| 999 |
_c131668 _d131668 |
||